000 00314nam a22001337a 4500
003 SGT
082 _a923.154
_bR90N
100 _aNUGENT, NICHOLAS
245 _aRAJIV GANDHI:SON OF A DYNASTY
260 _aINDIA
_bUNIVERSAL BOOK STALL
_c1990
300 _a235
650 _aPRIME MINISTER OF INDIA
942 _2ddc
_cBK
999 _c25875
_d25875